000 00337 a2200121 4500
001 147079
040 _cEscola São Tomás de Aquino
100 _aROLIM, Jeanine
240 1 0 _aBullying sem blá-blá-blá teen
_lpor
245 1 0 _aBullying sem blá-blá-blá teen
697 _aProblemas de disciplina. Violência estudantil
942 _cBK
999 _c147079
_d147079